squadre vincitrici della premier league - Statistics

Statistiche generali
  • Questo quiz è stato fatto 533 volte
  • Il punteggio medio è 89 su 122
Statistiche sulle risposte
Hint Risposta % Corretto
1936/37 | 1967/68 | 2011/12 | +4 others manchester city
99%
1907/08 | 1910/11 | 1951/52 | +17 others manchester united
99%
1900/01 | 1905/06 | 1921/22 | +16 others liverpool
98%
1954/55 | 2004/05 | 2005/06 | +3 others chelsea
97%
1930/31 | 1932/33 | 1933/34 | +10 others arsenal
92%
2015/16 leicester
89%
1950/51 | 1960/61 tottenham
81%
1893/94 | 1895/96 | 1896/97 | +4 others aston villa
77%
1890/91 | 1914/15 | 1927/28 | +6 others everton
67%
1904/05 | 1906/07 | 1908/09 | 1926/27 newcastle
67%
1977/78 nottingham forest
67%
1911/12 | 1913/14 | 1994/95 blackburn
44%
1968/69 | 1973/74 | 1991/92 leeds united
35%
1897/98 sheffield united
35%
1891/92 | 1892/93 | 1894/95 | +3 others sunderland
34%
1953/54 | 1957/58 | 1958/59 wolverhampton
34%
1920/21 | 1959/60 burnley
33%
1902/03 | 1903/04 sheffield wednesday
23%
1971/72 | 1974/75 derby county
19%
1948/49 | 1949/50 portsmouth
15%
1888/89 | 1889/90 preston
15%
1919/20 west bromwich
15%
1961/62 ipswich town
14%
1923/24 | 1924/25 | 1925/26 huddersfield
10%
1928/29 | 1929/30 sheffield wednsday
1%
Nessun quiz corrispondente trovato
Distribuzione punteggi
Percentuale di utenti per punteggio
Percentile per numero di risposta
I tuoi punteggi nel tempo
Non hai fatto questo quiz